LIBRARY & INFORMATION CENTRE, KCAET, TAVANUR

ONLINE PUBLIC ACCESS CATALOGUE (OPAC)

Agricultural and Industrial Mcrobiology (Record no. 13709)

MARC details
000 -LEADER
fixed length control field 00328nam a22001217a 4500
020 ## - INTERNATIONAL STANDARD BOOK NUMBER
ISBN 9789381226087
082 ## - DEWEY DECIMAL CLASSIFICATION NUMBER
Classification number 660.62
Item number KUM/AG
100 ## - MAIN ENTRY--AUTHOR NAME
Personal name Kumutha, K
-- Anitha, K.G
-- Saranya, K
245 ## - TITLE STATEMENT
Title Agricultural and Industrial Mcrobiology
260 ## - PUBLICATION, DISTRIBUTION, ETC. (IMPRINT)
Place of publication Delhi
Name of publisher Satish Serial Publishing House
Year of publication 2012
300 ## - PHYSICAL DESCRIPTION
Number of Pages 334
942 ## - ADDED ENTRY ELEMENTS (KOHA)
Koha item type Books
Holdings
Withdrawn status Lost status Damaged status Collection code Home library Current library Shelving location Date acquired Source of acquisition Cost, normal purchase price Full call number Accession Number Koha item type
      Non-fiction KAUAET KAUAET General Stacks 31/03/2012 International Books and periodical supply service, New Delhi 1850.00 660.62 KUM/AG 23533 Books
        KAUAET KAUAET General Stacks 08/06/2016 Universal Research Books, Thrissur 1850.00 660.62 KUM/AG 24269 Books
free website counter